M'hijo el dotor /

Guardado en:
Autor Principal: Sánchez, Florencio
Formato: Libro
Publicado: Buenos Aires : Culturama, 1964
Materias:
Etiquetas: Agregar Etiqueta
Sin Etiquetas, Sea el primero en etiquetar este registro!
LEADER 00466nam a22001695a 4500
001 CEM.cems006142
005 20060214000000.0
008 130507s1964##################000#0#####d
003 CEMS
082 0 4 |a U862.3 
100 1 |a Sánchez, Florencio 
245 1 0 |a M'hijo el dotor / 
260 |a Buenos Aires :  |b Culturama,  |c 1964 
300 |a 125 p. 
653 |a Literatura 
653 |a Literatura hispanoamericana 
859 |a CEMS  |b BIB. CEMS - 11 de abril  |h U862.3  |i Sa55-5  |p 16491.78  |t Ej.1